|
|
|
|
| LEADER |
00997nab a2200277 i 4500 |
| 001 |
publ35782 |
| 005 |
20250130113439.0 |
| 008 |
250130s2006 hu o 000 eng d |
| 022 |
|
|
|a 0931-041X
|
| 024 |
7 |
|
|a 10.1007/s00467-006-0215-2
|2 doi
|
| 024 |
7 |
|
|a 1236649
|2 mtmt
|
| 040 |
|
|
|a SZTE Publicatio Repozitórium
|b hun
|
| 041 |
|
|
|a eng
|
| 100 |
1 |
|
|a Baráth Ákos
|
| 245 |
1 |
0 |
|a Different pathomechanisms of essential and obesity-associated hypertension in adolescents
|h [elektronikus dokumentum] /
|c Baráth Ákos
|
| 260 |
|
|
|c 2006
|
| 300 |
|
|
|a 1419-1425
|
| 490 |
0 |
|
|a PEDIATRIC NEPHROLOGY
|v 21 No. 10
|
| 650 |
|
4 |
|a Klinikai orvostan
|
| 700 |
0 |
1 |
|a Túri Sándor
|e aut
|
| 700 |
0 |
1 |
|a Németh Ilona
|e aut
|
| 700 |
0 |
1 |
|a Bereczki Csaba
|e aut
|
| 700 |
0 |
1 |
|a Gellén Balázs
|e aut
|
| 700 |
0 |
1 |
|a Haszon Ibolya
|e aut
|
| 700 |
0 |
1 |
|a Monostori Péter
|e aut
|
| 856 |
4 |
0 |
|u http://publicatio.bibl.u-szeged.hu/35782/1/Differentpathomechanismsofessentialandobesity-associatedhypertensioninadolescents.pdf
|z Dokumentum-elérés
|